=LDR 00000nam 2200000 4500 =001 INLIS000000000023593 =005 20200825013513 =035 ##$$a 0010-061300000023593 =008 200825################g##########0#ind## =041 ##$$a Ind =082 ##$$a 2X4.12 =090 ##$$a 2X4.12, Naj p =100 1#$$a Najjar, Amir =245 1#$$a Pedoman shalat, /$c Dr. Amir An-Najjar =260 ##$$a Jakarta :$b Gema Risalah Press,$c 1989 =300 ##$$a 557 hlm, ; $c 14 x 20 cm =650 #4$$a Pedoman Shalat =850 ##$$a NBPNMAT =084 ##$$a 2X4.12 NAJ p =250 ##$$a cet.1 =990 ##$$a 00050348